[Event "Colon Artesania op"]
[Site "Colon"]
[Date "2003.02.15"]
[Round "1"]
[White "Del Rio, Gustavo"]
[Black "Diaz Hollemaert, Nahuel Carlos"]
[Result "0-1"]
[WhiteElo "2420"]
[BlackElo "2375"]
[PlyCount "60"]
[EventDate "2003.02.15"]
[EventType "swiss (rapid)"]
[EventRounds "7"]
[EventCountry "ARG"]
[SourceTitle "CBM 092 Extra"]
[Source "ChessBase"]
[SourceDate "2003.03.07"]
[SourceVersion "1"]
[SourceVersionDate "2003.03.07"]
[SourceQuality "1"]

1. e4 c5 2. Nc3 e6 3. Bc4 a6 4. Nf3 b5 5. Be2 Bb7 6. d4 cxd4 7. Nxd4 b4 8. Na4 Bxe4 9. Bf3 Nf6 10. Bg5 d5 11. Nb3 Bxf3 12. Qxf3 Nbd7 13. 0-0 Be7 14. Qg3 0-0 15. Nd4 Ne4 16. Bxe7 Qxe7 17. Nc6 Qe8 18. Qe3 Ndf6 19. Nb6 Qxc6 20. Nxa8 Rxa8 21. Rac1 Ng4 22. Qf4 h5 23. h3 Ngxf2 24. Rxf2 Nxf2 25. Kxf2 Qb6+ 26. Ke1 Qg1+ 27. Qf1 Qe3+ 28. Kd1 Rc8 29. Qxa6 Rc4 30. c3 Qd3+ 0-1